书目信息 |
| 题名: |
炎黄风情
|
|
| 作者: | 鲍元恺 编曲 | |
| 分册: | ||
| 出版信息: | 北京 人民音乐出版社 2007 |
|
| 页数: | 279页 | |
| 开本: | 32cm | |
| 丛书名: | 中国当代作曲家曲库 | |
| 单 册: | ||
| 中图分类: | J647.61 | |
| 科图分类: | ||
| 主题词: | 合奏曲 , 管弦乐--合奏曲--中国--现代--选集 , 管弦乐 | |
| 电子资源: | ||
| ISBN: | 978-7-103-03240-4 | |
| 000 | 01189oam2 2200289 450 | |
| 001 | 003385451 | |
| 005 | 20070808184542.53 | |
| 010 | @a978-7-103-03240-4@dCNY68.00@z978-7-103-03240-8@z7-103-03240-8 | |
| 100 | @a20070110d2007 em y0chiy0110 ea | |
| 101 | 0 | @achi |
| 102 | @aCN@b110000 | |
| 105 | @ag z 000yy | |
| 200 | 1 | @a炎黄风情@9yan huang feng qing@e24首中国民歌主题管弦乐曲@dChinese sights and sounds@e24 pieces by themes on Chinese folktunes for symphony orchestra@f鲍元恺[编曲]@zeng |
| 210 | @a北京@c人民音乐出版社@d2007 | |
| 215 | @a279页@d32cm | |
| 225 | 2 | @a中国当代作曲家曲库 |
| 330 | @a本书包括“燕赵故事”、“云岭素描”、“黄土悲欢”、“巴蜀山歌”、“江南雨丝”、“太行春秋”六个组曲24首单曲。 | |
| 461 | 0 | @12001 @a中国当代作曲家曲库 |
| 510 | 1 | @aChinese sights and sounds@e24 pieces by themes on Chinese folktunes for symphony orchestra@zeng |
| 517 | 1 | @a24首中国民歌主题管弦乐曲@924 shou zhong guo min ge zhu ti guan xian yue qu |
| 606 | 0 | @a合奏曲 |
| 606 | 0 | @a管弦乐@x合奏曲@y中国@z现代@j选集 |
| 606 | 0 | @a管弦乐 |
| 690 | @aJ647.61@v4 | |
| 701 | 0 | @a鲍元恺@9bao yuan kai@f(1944~)@4编曲 |
| 801 | 0 | @aCN@bNLC@c20070808 |
| 905 | @a10447@dJ647.61@e157 | |
| 炎黄风情:24首中国民歌主题管弦乐曲=Chinese sights and sounds:24 pieces by themes on Chinese folktunes for symphony orchestra/鲍元恺[编曲].-北京:人民音乐出版社,2007 |
| 279页;32cm.-(中国当代作曲家曲库) |
| ISBN 978-7-103-03240-4:CNY68.00 |
| 本书包括“燕赵故事”、“云岭素描”、“黄土悲欢”、“巴蜀山歌”、“江南雨丝”、“太行春秋”六个组曲24首单曲。 |
| ● |
| 相关链接 |
|
|
|
|
正题名:炎黄风情
索取号:J647.61/157
 
预约/预借
| 序号 | 登录号 | 条形码 | 馆藏地/架位号 | 状态 | 备注 |
| 1 | 0809808 | 208098084 | 第一样本阅览室/ [索取号:J647.61/157] | 在馆 | |
| 2 | 0809809 | 208098093 | 第一借阅区/ [索取号:J647.61/157] | 在馆 | |
| 3 | 0809810 | 208098100 | 第一借阅区/ [索取号:J647.61/157] | 在馆 | |
| 4 | 0809811 | 208098119 | 第一借阅区/ [索取号:J647.61/157] | 在馆 | |
| 5 | 0810012 | 208100124 | 音乐系资料室/ [索取号:J647.61/157] | 在馆 |